| 000 | 00925nam0a22002891 4500 | ||
|---|---|---|---|
| 001 | rc\423832 | ||
| 005 | 20250621081534.0 | ||
| 035 | _a(NLR Aleph) 005671167 | ||
| 090 |
_a6975911 _c6975911 |
||
| 100 | _a20030616d1987 |||y0rusy50 ca | ||
| 101 | 0 |
_arus _alit _aeng |
|
| 102 | _aRU | ||
| 105 | _aa ||||||||| | ||
| 200 | 1 |
_aЦветы среди цветов _dFlowers in flower |
|
| 210 |
_aВильнюс _cMintis _d1987 |
||
| 215 |
_a[9] с., [93] л. ил. _d33 |
||
| 300 | _aЗагл. также: литов. | ||
| 300 | _aТекст парал.: литов., рус., англ. | ||
| 300 | _aПер. и корешок: литов. | ||
| 510 | 0 | _aFlowers in flower | |
| 700 | 1 |
_aДихавичюс _bР.В. _f1937- _gРимантас Владович |
|
| 801 | 0 |
_aRU _bNLR _gpsbo |
|
| 801 | 1 |
_aRU _bELAR _2rusmarc |
|
| 852 |
_aNLR _bЭ _jАлИс588.1/2-Д505 |
||
| 852 |
_aNLR _jМф К1/17108 |
||
| 942 | _cBOOK | ||
| 980 | _aNB | ||